Movies Quiz

Random Movies or Nintendo Quiz

Other Final Lines in Movies Quiz Stats

 Plays Quiz not verified by Sporcle

Also try: Disney-pedia
Challenge
Share
Tweet
Embed
Score 0/10 Timer 05:00
0 Plays Today
Quote Movie % Correct
'You understand this is the bus to school now, don't you?' 'Of course, and you're Dorothy Harris, and I'm _______ ____.'Forrest Gump
73.8%
'Travis?' 'Yeah.' 'Maybe I'll see you again sometime, huh?' 'Sure.'Taxi Driver
43.8%
'People always say to me, 'When you get to the NBA, don't forget about me.' Well, I should've said back, 'If I don't make it to the NBA, don't you forget about me.'Hoop Dreams
23.8%
'You know, they're totally irrational and crazy and absurd and..but, uh, I guess we keep goin' through it because, uh, most of us need the eggs.'Annie Hall
15.3%
'Anna Crowe... I am in love. In love I am.'The Sixth Sense
6.6%
'God bless America, my home sweet home. To Nicky.'The Deer Hunter
5.9%
'Whatcha go to college? To get stupid? You're really stupid! Stupid!'The Godfather Part II
5.6%
'No matter where he is, I thought you should know what kind of man your father really was.'Million Dollar Baby
4.4%
'He spoke of you, ma'am.'Apocalypse Now
3.4%
'Is that Mirabelle?' 'Annabelle.'Gone Baby Gone
2.8%

You're not logged in!

Compare scores with friends on all Sporcle quizzes.
Join for Free
OR
Log In

You Might Also Like...

Show Comments

Extras

Created Dec 21, 2009ReportNominate
Tags:Nintendo Quiz, Quote Quiz, final

Top Quizzes Today


Score Distribution

Your Account Isn't Verified!

In order to create a playlist on Sporcle, you need to verify the email address you used during registration. Go to your Sporcle Settings to finish the process.

Report this User

Report this user for behavior that violates our Community Guidelines.

Details: